Search the Library Catalogue
| 000 -LEADER | |
|---|---|
| fixed length control field | 00754nam a2200229Ia 4500 |
| 008 - FIXED-LENGTH DATA ELEMENTS--GENERAL INFORMATION | |
| fixed length control field | 191130s1999##################000#0#eng## |
| 020 ## - INTERNATIONAL STANDARD BOOK NUMBER | |
| ISBN | 9780521641845 |
| 082 ## - DEWEY DECIMAL CLASSIFICATION NUMBER | |
| Classification number | 306.6 EIS |
| 100 ## - MAIN ENTRY--AUTHOR NAME | |
| Personal name | Eisenstadt, S. N |
| 245 ## - TITLE STATEMENT | |
| Title | Fundamentalism, sectarianism, and revolution : the Jacobin dimension of modernity |
| Statement of responsibility, etc | S.N. Eisenstadt |
| 260 ## - PUBLICATION, DISTRIBUTION, ETC. (IMPRINT) | |
| Place of publication | Cambridge |
| Name of publisher | Cambridge University Press |
| Year of publication | 1999 |
| 300 ## - PHYSICAL DESCRIPTION | |
| Number of Pages | xi, 280 p. ; 23 cm |
| 500 ## - GENERAL NOTE | |
| General note | Includes bibliographical references (p. 244-269) and index |
| 650 ## - SUBJECT ADDED ENTRY--TOPICAL TERM | |
| Topical Term | Civilization, Modern |
| Topical Term | Radicalism |
| Topical Term | Religious fundamentalism - Political aspects |
| 991 ## - | |
| -- | 211836 |
| Withdrawn status | Lost status | Damaged status | Not for loan | Home library | Current library | Shelving location | Date acquired | Full call number | Accession Number | Price effective from | Koha item type |
|---|---|---|---|---|---|---|---|---|---|---|---|
| Anna Centenary Library | Anna Centenary Library | 3RD FLOOR, B WING | 13.10.2020 | 306.6 EIS | 232304 | 13.10.2020 | English Books |